000 00627nam a2200193 a 4500
001 BRCA_967
005 20190320203227.0
008 890324s1989 nyua---###---#000-0#eng-#
020 _a0866361111
040 _aDLC
_cDLC
_dDLC
050 4 _aT396.5
_b.G74 1989
245 1 0 _aGreat Exhibit Graphics
_cby the editors of PBC International.
260 _aGlen Cove, Nueva York
_bPBC International
_c1989
300 _a158 p.
_bil. a color
_c31 cm.
500 _aIncluye apƩndices : 1. Exposiciones, 2. DiseƱadores, 3. Productores
650 1 4 _aDemostraciones comerciales
_93192
710 2 _aPBC International
_93193
942 _2lcc
_cB
999 _c853
_d853